IAA Vehicle Services Ltd v HBC Ltd (Record no. 121769)
[ view plain ]
| 000 -LEADER | |
|---|---|
| fixed length control field | 01502nab a22002055a 4500 |
| 005 - DATE AND TIME OF LATEST TRANSACTION | |
| control field | 20240115134845.0 |
| 007 - PHYSICAL DESCRIPTION FIXED FIELD--GENERAL INFORMATION | |
| fixed length control field | cu || ||||n |
| 008 - FIXED-LENGTH DATA ELEMENTS--GENERAL INFORMATION | |
| fixed length control field | 230115t2024 xxk f | o000 0 eng | |
| 041 0# - LANGUAGE CODE | |
| Language code of text/sound track or separate title | eng |
| 245 00 - TITLE STATEMENT | |
| Title | IAA Vehicle Services Ltd v HBC Ltd |
| Medium | [electronic resource] |
| 520 ## - SUMMARY, ETC. | |
| Summary, etc. | [2024] EWHC 1(Ch), 5 January 2024. The High Court held that time was not of the essence for payment of a deposit due when exercising a tenant's option to purchase the landlord's reversion. Specific performance – Lessee’s option to purchase reversion – Option providing that ‘upon valid exercise of the option’ a binding agreement ‘shall come into existence’ – Standard conditions of sale requiring purchaser to pay a deposit of 10% of the purchase price ‘no later than the date of the contract’ – Exercise of option without payment of deposit – Whether purchaser obliged to pay deposit on or before date of exercise of option – Whether time of the essence for payment – Whether non-payment of deposit constituted a repudiation of purchase contract – Whether vendor entitled to treat contract as discharged – Whether purchaser entitled to specific performance |
| 650 0# - SUBJECT ADDED ENTRY--TOPICAL TERM | |
| Topical term or geographic name entry element | DEPOSITS |
| 650 0# - SUBJECT ADDED ENTRY--TOPICAL TERM | |
| Topical term or geographic name entry element | IAA VEHICLE SERVICES V HBC |
| 650 0# - SUBJECT ADDED ENTRY--TOPICAL TERM | |
| Topical term or geographic name entry element | LANDLORD AND TENANT |
| 650 0# - SUBJECT ADDED ENTRY--TOPICAL TERM | |
| Topical term or geographic name entry element | COMMERCIAL PROPERTY |
| 651 #4 - SUBJECT ADDED ENTRY--GEOGRAPHIC NAME | |
| Geographic name | United Kingdom |
| 690 ## - LOCAL SUBJECT ADDED ENTRY--TOPICAL TERM (OCLC, RLIN) | |
| Topical term or geographic name as entry element | Landlord and tenant |
| 9 (RLIN) | 6252 |
| 856 40 - ELECTRONIC LOCATION AND ACCESS | |
| Uniform Resource Identifier | <a href="https://caselaw.nationalarchives.gov.uk/ewhc/ch/2024/1">https://caselaw.nationalarchives.gov.uk/ewhc/ch/2024/1</a> |
| Public note | Available on caselaw archives |
| 942 ## - ADDED ENTRY ELEMENTS (KOHA) | |
| Suppress in OPAC | 0 |
| Source of classification or shelving scheme | Dewey Decimal Classification |
| Withdrawn status | Lost status | Damaged status | Not for loan | Home library | Current library | Shelving location | Date acquired | Total Checkouts | Full call number | Date last seen | Price effective from | Koha item type |
|---|---|---|---|---|---|---|---|---|---|---|---|---|
| Virtual | Virtual | Online | 15/01/2024 | ONLINE JUDGMENT | 15/01/2024 | 15/01/2024 | Law report |